00504nam a2200193 a 4500001001300000003000900013005001700022008004100039020002300080082001300103100002300116245003300139260004000172300000900212500003500221505002100256650001000277700002300287nice12345678IN_TiNIC20260116013207.0050524s1997 musa grp 000 0 eng  a0951308 c30000a954bMAN aMangalwadi, Vishal aIndiab the Grand Experiment aMussooriebNivedit Good Booksc1997 a365p aincludes index and biblioraphy2 aEnd Noted, Index aIndia1 aMangalwadi, Vishal